| 000 | 01188cab a2200241 4500 | ||
|---|---|---|---|
| 001 | ABS67385 | ||
| 008 | 040108n2003 000 0 eng u | ||
| 035 | _a(Sirsi) u124755 | ||
| 100 | _aNiven, R. | ||
| 245 | _aSouth Yorkshire on long recovery road | ||
| 260 | _c2003 | ||
| 490 |
_aPlanning (for the Natural and Built Environment) _v12 December 2003, 14-15(2) |
||
| 520 | _aDiscusses the efforts made by various national and regional organisations helping in the regeneration of South Yorkshire. Mentions the role of Renaissance South Yorkshire, the organisation appointed to oversee the allocation of the South Yorkshireαs regeneration funds, and its major challenge of reclaiming derelict land left by the mining industry. Pinpoints key areas requiring assistance, while noting the success of the decontamination programme taking place elsewhere. Also considers the importance of the quality of new jobs in general and the problem of outward migration. | ||
| 590 | _aABS | ||
| 650 | _aMINING | ||
| 650 | _aECONOMY | ||
| 650 | _aEMPLOYMENT | ||
| 650 | _aDERELICTION | ||
| 650 | _aDECONTAMINATION | ||
| 650 | _aSOUTH YORKSHIRE | ||
| 690 | _aREGENERATION | ||
| 942 | _n0 | ||
| 999 |
_c74043 _d74043 |
||